<?xml version="1.0" encoding="UTF-8"?>
<marc:record xmlns:marc="http://www.loc.gov/MARC21/slim">
   <marc:leader>00000nam a2200000 a 4500</marc:leader>
   <marc:datafield ind1="1" ind2=" " tag="100">
      <marc:subfield code="a">Gehm, Franziska</marc:subfield>
      <marc:subfield code="4">aut</marc:subfield>
      <marc:subfield code="e">Verfasser/-in</marc:subfield>
   </marc:datafield>
   <marc:datafield ind1="0" ind2="0" tag="245">
      <marc:subfield code="a">Ein Sommer zum Abhängen</marc:subfield>
   </marc:datafield>
   <marc:datafield ind1="0" ind2="0" tag="245">
      <marc:subfield code="c">Gehm, Franziska</marc:subfield>
   </marc:datafield>
   <marc:datafield ind1=" " ind2="1" tag="264">
      <marc:subfield code="a">Bindlach</marc:subfield>
      <marc:subfield code="b">Loewe</marc:subfield>
      <marc:subfield code="c">2012</marc:subfield>
   </marc:datafield>
   <marc:datafield ind1="1" ind2=" " tag="490">
      <marc:subfield code="a">Die Vampirschwestern</marc:subfield>
      <marc:subfield code="v">Bd 9</marc:subfield>
   </marc:datafield>
   <marc:datafield ind1=" " ind2=" " tag="250">
      <marc:subfield code="a">1. Aufl.</marc:subfield>
   </marc:datafield>
   <marc:datafield ind1="1" ind2=" " tag="520">
      <marc:subfield code="a">Angaben aus der Verlagsmeldung &#xD;
&#xD;
 &#xD;
&#xD;
  Ein Sommer zum Abhängen / von Franziska Gehm &#xD;
&#xD;
 &#xD;
Eins wissen Daka und Silvania todsicher: Gegen sie als Halbvampire kann kein Supertalent anstinken – allenfalls eine alte Knoblauchzehe! Doch dann plagt ein beißend heißer Sommer die Stadt und plötzlich können die Schwestern nicht mehr fliegen und flopsen. Schlotz zoppo! Denn ausgerechnet jetzt schlägt die saugemeine Falle eines Vampirjäger-Duos zu! Ob ihnen Ludo und Helene aus der Patsche helfen können? Mehr Infos rund um die Vampirschwestern unter: www.die-vampirschwestern.de Hier geht es zum Talk mit Biss</marc:subfield>
   </marc:datafield>
   <marc:datafield ind1=" " ind2=" " tag="020">
      <marc:subfield code="a">9783785574126</marc:subfield>
      <marc:subfield code="9">9783785574126</marc:subfield>
   </marc:datafield>
   <marc:datafield ind1=" " ind2=" " tag="020">
      <marc:subfield code="a">3785574126</marc:subfield>
      <marc:subfield code="9">3785574126</marc:subfield>
   </marc:datafield>
   <marc:datafield ind1=" " ind2=" " tag="041">
      <marc:subfield code="a">ger</marc:subfield>
   </marc:datafield>
   <marc:datafield ind1="0" ind2=" " tag="490">
      <marc:subfield code="v">Bd 9</marc:subfield>
   </marc:datafield>
   <marc:datafield ind1=" " ind2=" " tag="338">
      <marc:subfield code="a">Band</marc:subfield>
   </marc:datafield>
   <marc:datafield ind1=" " ind2=" " tag="300">
      <marc:subfield code="a">179 S.</marc:subfield>
   </marc:datafield>
</marc:record>
